U.S. States with the Largest Puerto Rican Populations - Statistics

General Stats
  • This quiz has been taken 131 times
  • The average score is 9 of 10
Answer Stats
Rank Puerto Rican Populations State % Correct
2 847,550 Florida
98%
1 1,070,558 New York
98%
7 189,945 California
97%
3 434,092 New Jersey
94%
9 130,576 Texas
94%
4 366,082 Pennsylvania
91%
8 182,989 Illinois
85%
5 266,125 Massachusetts
84%
10 94,965 Ohio
80%
6 252,972 Connecticut
73%
No matching quizzes found
Score Distribution
Percent of People with Each Score
Percentile by Number Answered
Your Score History
You have not taken this quiz